| 000 | nam a22 7a 4500 | ||
|---|---|---|---|
| 999 |
_c56409 _d56409 |
||
| 003 | OSt | ||
| 005 | 20230322130209.0 | ||
| 008 | 230322b xxu||||| |||| 00| 0 eng d | ||
| 040 | _cIIMT UNIVERSITY | ||
| 100 | _aGARG, ANKIT | ||
| 245 | _aA STUDY OF CONSUMER BEHAVIOUR TOWARDS ONLINE SHOPING OF DURABLE GOODS WITH SPECIAL REFERENCE TO DELHI NCR | ||
| 260 |
_aMEERUT _bIIMT UNIVERSITY _c2023 |
||
| 300 | _a338,87 | ||
| 942 |
_2ddc _c06 |
||